Impuesto sobre los activos y bienes personales (Registro nro. 4692)
[ vista simple ]
| 000 -LEADER | |
|---|---|
| fixed length control field | 01359 a2200217 4500 |
| 001 - CONTROL NUMBER | |
| control field | 48749 |
| 005 - DATE AND TIME OF LATEST TRANSACTION | |
| control field | 20260407155752.0 |
| 008 - FIXED-LENGTH DATA ELEMENTS--GENERAL INFORMATION | |
| fixed length control field | 260407a1992 arg spa d |
| 003 - CONTROL NUMBER IDENTIFIER | |
| control field | AR-UNSa-BCEJYS |
| 040 ## - CATALOGING SOURCE | |
| Original cataloging agency | AR-UNSa-BCEJYS |
| Language of cataloging | spa |
| Transcribing agency | AR-UNSa-BCEJYS |
| 080 ## - UNIVERSAL DECIMAL CLASSIFICATION NUMBER | |
| Universal Decimal Classification number | 336.226 |
| Common auxiliary subdivision | Tipos de impuestos. Impuestos directos e indirectos<br/> |
| 020 ## - INTERNATIONAL STANDARD BOOK NUMBER | |
| International Standard Book Number | 950-739-180-5 |
| 100 1# - MAIN ENTRY--PERSONAL NAME | |
| Personal name | Litvak, José D. |
| 245 10 - TITLE STATEMENT | |
| Title | Impuesto sobre los activos y bienes personales |
| 264 #1 - PRODUCTION, PUBLICATION, DISTRIBUTION, MANUFACTURE, AND COPYRIGHT NOTICE | |
| Place of production, publication, distribution, manufacture | Buenos Aires : |
| Name of producer, publisher, distributor, manufacturer | Errepar |
| Date of production, publication, distribution, manufacture, or copyright notice | 1992 |
| 300 ## - PHYSICAL DESCRIPTION | |
| Extent | 250 p. |
| Dimensions | 27 cm. |
| 505 ## - FORMATTED CONTENTS NOTE | |
| Formatted contents note | Primera Parte: Impuestos sobre los activos: 1. Naturaleza y características del impuesto - 2. Objetivo. Vigencia - 3. Sujetos - 4. Exenciones - 5. Base imponible - 6. Liquidación, declaración e ingreso del gravamen - - Segunda Parte: Aspecto teórico de la imposición al patrimonio: 7. Aspectos teórico - - Tercera Parte: El impuesto sobre los bienes personales no incorporados al proceso económico en la Argentina: 8. Antecedentes de su creación en la Argentina características y efectos económicos - 9. Hechos imponibles sujetos - 10. Ubicación de los bienes. Bienes situados en el País y en el exterior. Extensiones - 11. Valuación de bienes y determinación - 12. Normas de declaración e ingreso del gravamen. |
| 590 ## - LOCAL NOTE (RLIN) | |
| Local note | niveau_biblio:m niveau_hierar:0 |
| 700 1# - ADDED ENTRY--PERSONAL NAME | |
| Personal name | Gebhardt, Jorge |
| 942 ## - ADDED ENTRY ELEMENTS (KOHA) | |
| Koha item type | |
| Withdrawn status | Lost status | Damaged status | Not for loan | Home library | Current library | Shelving location | Date acquired | Total checkouts | Full call number | Barcode | Date last seen | Price effective from | Koha item type |
|---|---|---|---|---|---|---|---|---|---|---|---|---|---|
| Biblioteca Prof. Eusebio Cleto del Rey | Biblioteca Prof. Eusebio Cleto del Rey | 07/04/2026 | 336.226 L775i | L58841 | 07/04/2026 | 07/04/2026 | Libro | ||||||
| Biblioteca Prof. Eusebio Cleto del Rey | Biblioteca Prof. Eusebio Cleto del Rey | 07/04/2026 | 336.226 L775i | L58840 | 07/04/2026 | 07/04/2026 | Libro |